Jail journal 1876

Gespeichert in:  
Bibliographische Detailangaben
1. VerfasserIn: Mitchel, John (Verfasst von)
Medienart: Druck Buch
Sprache:Englisch
Veröffentlicht: Poole [u.a.] Woodstock Books 1996
In:Jahr: 1996
Bestand in Tübingen:In Tübingen vorhanden.
UB: KB 19 A 6893
Verfügbarkeit prüfen: HBZ Gateway
Subito Bestelldienst: Jetzt bestellen.
Schlagwörter:

MARC

LEADER 00000cam a2200000 c 4500
001 1631247891
003 DE-627
005 20251225203903.0
007 tu
008 981127s1996 xx ||||| 00| ||eng c
010 |a  96-18963  
016 7 |a b9715024  |2 UK 
020 |a 185477218X  |9 1-85477-218-X 
035 |a (DE-627)1631247891 
035 |a (DE-576)070717311 
035 |a (DE-599)BSZ070717311 
035 |a (OCoLC)34690880 
040 |a DE-627  |b ger  |c DE-627  |e rakwb 
041 |a eng 
082 0 |a 322.42092 
082 0 |a 322.4/2/092 
100 1 |a Mitchel, John  |4 aut 
245 1 0 |a Jail journal 1876  |c John Mitchel 
263 |a : No price : Formerly CIP 
264 1 |a Poole [u.a.]  |b Woodstock Books  |c 1996 
300 |a VIII, 320 S. 
336 |a Text  |b txt  |2 rdacontent 
337 |a ohne Hilfsmittel zu benutzen  |b n  |2 rdamedia 
338 |a Band  |b nc  |2 rdacarrier 
490 0 |a Hibernia 
500 |a Facsim. of ed. published: Glasgow : Cameron & Ferguson, 1876 
583 1 |a Archivierung prüfen  |c 20200919  |f DE-640  |z 1  |2 pdager 
650 0 |a Mitchel  |x John  |x 1815-1875  |x Diaries 
650 0 |a Revolutionaries  |x Ireland  |x Diaries 
650 0 |a Journalists  |x Ireland  |x Diaries 
650 0 |a Tasmania  |x Exiles  |x Diaries 
951 |a BO 
ELC |b 1 
LOK |0 000 xxxxxcx a22 zn 4500 
LOK |0 001 3281755763 
LOK |0 003 DE-627 
LOK |0 004 1631247891 
LOK |0 005 19981127000000 
LOK |0 008 981127||||||||||||||||ger||||||| 
LOK |0 040   |a DE-21  |c DE-627  |d DE-21 
LOK |0 852   |a DE-21 
LOK |0 852 1  |c KB 19 A 6893  |9 00 
LOK |0 935   |a krim 
LOK |0 936ln  |a k12.2 
LOK |0 939   |a 27-11-98  |b l01 
ORI |a SA-MARC-krimdoka001.raw 
SIG |a UB: KB 19 A 6893